Applied Electromagnetics; Using QuickField and MATLAB (With CD) (Record no. 294971)

000 -LEADER
fixed length control field 00306 a2200109 4500
001 - CONTROL NUMBER
control field 59898
082 ## - DEWEY DECIMAL CLASSIFICATION NUMBER
Classification number 621.30285 CLA
090 ## - LOCALLY ASSIGNED LC-TYPE CALL NUMBER (OCLC); LOCAL CALL NUMBER (RLIN)
-- 36733
-- 36733
100 ## - MAIN ENTRY--PERSONAL NAME
Personal name Claycomb James R
245 ## - TITLE STATEMENT
Title Applied Electromagnetics; Using QuickField and MATLAB (With CD)
260 ## - PUBLICATION, DISTRIBUTION, ETC.
Place of publication, distribution, etc. New Delhi
Name of publisher, distributor, etc. Infinity Science
Date of publication, distribution, etc. 2008
942 ## - ADDED ENTRY ELEMENTS (KOHA)
Institution code [OBSOLETE] NUST-CAE
Call number prefix 621.30285 CLA
Holdings
Withdrawn status Lost status Damaged status Not for loan Collection code Permanent Location Current Location Date acquired Total Checkouts Full call number Barcode Date last seen Price effective from Koha item type
          College of Aeronautical Engineering (CAE) College of Aeronautical Engineering (CAE) 04/03/2017   621.30285 CLA CAE81392 04/05/2017 04/05/2017 Book
© 2023 Central Library, National University of Sciences and Technology. All Rights Reserved.